000 00542nam a2200193Ia 4500
005 20230429104839.0
008 131103s9999 xx 000 0 und d
040 _aLoreto College
041 _aEnglish
082 _aTAG 891.44
_bTAG-BHO
100 _aBhowmik, Gouranga
245 _aRabindra sahityer alochana
_cGouranga Bhowmik
260 _aCalcutta
_bAcademika
_c1967
300 _a192p
650 _aTagore, Rabindranath, 1861-1941 - Criticism and Interpretation
651 _aBengali Literature
850 _aLCLIB
942 _cBK
999 _c16914
_d67393